|
|
|
|
| LEADER |
00000nam0a2200000 4500 |
| 001 |
154972 |
| 005 |
20231031152143.0 |
| 010 |
|
|
|a 5751102770
|
| 035 |
|
|
|a (RuTPU)RU\TPU\book\168085
|
| 090 |
|
|
|a 154972
|
| 100 |
|
|
|a 20090307d1990 m y0rusy50 ca
|
| 101 |
0 |
|
|a rus
|
| 102 |
|
|
|a RU
|
| 105 |
|
|
|a a z 001zy
|
| 200 |
1 |
|
|a Магнитная структура диамагнитно-разбавленных кубических ферримагнетиков
|f С. М. Жиляков, Е. П. Найден
|g Томский государственный университет (ТГУ), Сибирский физико-технический институт им. В. Д. Кузнецова (СФТИ)
|
| 210 |
|
|
|a Томск
|c Изд-во Томского ун-та
|d 1990
|
| 215 |
|
|
|a 224 с.
|c ил.
|
| 320 |
|
|
|a Библиогр. в конце разд.
|
| 610 |
1 |
|
|a ферримагнетики
|
| 610 |
1 |
|
|a магнитная структура
|
| 675 |
|
|
|a 537.622
|v 3
|
| 700 |
|
1 |
|a Жиляков
|b С. М.
|g Сергей Михайлович
|
| 701 |
|
1 |
|a Найден
|b Е. П.
|g Евгений Петрович
|
| 712 |
0 |
2 |
|a Томский государственный университет (ТГУ)
|b Сибирский физико-технический институт им. В. Д. Кузнецова (СФТИ)
|2 stltpush
|3 (RuTPU)RU\TPU\col\861
|
| 801 |
|
1 |
|a RU
|b 63413507
|c 20090307
|g PSBO
|
| 801 |
|
2 |
|a RU
|b 63413507
|c 20091228
|g RCR
|
| 942 |
|
|
|c BK
|